00359nam a22001457a 4500003000400000008004100004020001800045082001400063100001900077245004100096250001300137260004100150300001100191650001100202OSt241022b |||||||| |||| 00| 0 eng d a9788192300832 a793.4 SHE aSHRIKANT, Usha aEthnic Embroidery of India Pert - II a1st. ed. aPune,bB.N. Sales Corporation,c2009 a200 p. aB.FAD.